Normal view
MARC view
- ACC NO-25483
Entry Topical Term
001 - CONTROL NUMBER
- control field: 62235
003 - CONTROL NUMBER IDENTIFIER
- control field: NUST
005 - DATE AND TIME OF LATEST TRANSACTION
- control field: 20210628202913.0
008 - FIXED-LENGTH DATA ELEMENTS
- fixed length control field: 210628|| aca||aabn | a|a d
040 ## - CATALOGING SOURCE
- Original cataloging agency: NUST
- Transcribing agency: NUST
150 ## - HEADING--TOPICAL TERM
- Topical term or geographic name entry element: ACC NO-25483
670 ## - SOURCE DATA FOUND
- Source citation: Work cat.: (NUST): BOWERSOX, D. J ,HALFERICH, O. K ,CLOSS, D. 62234, LOGISTICAL MANAGEMENT ,A SYSTEM INTEGRATION OF PHYSICAL DISTRIBUTION MANUFACTURING SUPPOST AND MATERIALS PROCUREMENT, 1986
